| 000 | 00457nam a2200169 4500 | ||
|---|---|---|---|
| 003 | DO-SdBNP | ||
| 005 | 20171214085934.0 | ||
| 008 | 161108b1990 xxu||||| |||| 00| 0 spa d | ||
| 040 |
_aBPMSU _bspa _cBPMSU |
||
| 100 | _aKnox, Robert | ||
| 245 |
_aAntigua china / _cRobert Knox M:A. |
||
| 260 |
_aLondon : _bSigmar , _c1990 |
||
| 300 |
_a44 p. : _bil. : _c30 cm |
||
| 942 |
_2ddc _cBK |
||
| 945 | _ainventariado extranjero / DG | ||
| 956 |
_adgarcia _b10 |
||
| 999 |
_c11826 _d11826 |
||